Statistiques concernant PNL - Lieu de tournage des clips

Cliquez ici pour prendre le quiz!

Statistiques générales

  • Ce quiz a été pris 320 fois
  • Le résultat moyen est 15 sur 23

Statistiques - réponses

HintRéponse% Correct
FranceAu DD
94%
FranceDA
90%
JamaiqueBlanka
89%
FranceNaha
83%
FranceOnizuka
83%
FranceBéné
81%
ItalieLe Monde Ou Rien
80%
JaponTchiki Tchiki
79%
FranceJusqu'au Dernier Gramme
76%
FranceDeux Frères
75%
IslandeOh Lala
74%
USAJ'suis QLF
73%
NamibieLa Vie Est Belle
71%
AngleterreTempête
63%
FranceJe Vis Je Visser
58%
Afrique Du SudA l'amoniaque
48%
FranceSimba
46%
FranceDans Ta Rue
45%
FranceDifférents
45%
FranceGala Gala
45%
FrancePlus Tony Que Sosa
42%
FranceLa petite voix
34%
FranceJ'comprend pas
25%

Distribution des résultats

Percentile par nombre de réponses

% des personnes avec chaque résultat

Votre développement - résultats

Vous n’avez pas pris ce quiz